Pasión y tragedia de Isadora Duncan / (Record no. 20394)

MARC details
000 -LEADER
campo de control de longitud fija 00567nam a2200181 i 4500
001 - NÚMERO DE CONTROL
campo de control 20394
003 - IDENTIFICADOR DE NÚMERO DE CONTROL
campo de control ES-MaACL
005 - FECHA Y HORA DE LA ÚLTIMA TRANSACCIÓN
campo de control 20230906152308.0
007 - CAMPO FIJO DE DESCRIPCIÓN FÍSICA--INFORMACIÓN GENERAL
campo de control de longitud fija t|
008 - DATOS DE LONGITUD FIJA--INFORMACIÓN GENERAL
campo de control de longitud fija 021112s1969 sp a |||| |bspa d
100 1# - ENTRADA PRINCIPAL--NOMBRE DE PERSONA
Nombre de persona Aguilera, Emiliano M.
9 (RLIN) 18758
245 10 - MENCIÓN DEL TÍTULO
Título Pasión y tragedia de Isadora Duncan /
Mención de responsabilidad, etc. Emiliano M. Aguilera ; con algunos dibujos del escultor José Clará.
260 ## - PUBLICACIÓN, DISTRIBUCIÓN, ETC.
Lugar de publicación, distribución, etc. Barcelona :
Nombre del editor, distribuidor, etc. Zeus,
Fecha de publicación, distribución, etc. [1969]
300 ## - DESCRIPCIÓN FÍSICA
Extensión 293 p. ;
Dimensiones 20 cm.
600 14 - PUNTO DE ACCESO ADICIONAL DE MATERIA--NOMBRE DE PERSONA
Nombre de persona Duncan, Isadora.
9 (RLIN) 46031
700 1# - ENTRADA AGREGADA--NOMBRE PERSONAL
Nombre de persona Clará, José (
Fechas asociadas al nombre 1878-1958)
9 (RLIN) 38989
852 ## - LOCALIZACIÓN
Ubicación ES-MaACL
Número de control de estantería C-39992
Holdings
Estatus retirado Estado de pérdida Estado de daño No para préstamo Biblioteca de origen Biblioteca actual Ubicación en estantería Fecha de adquisición Fuente de adquisición Total de préstamos Signatura topográfica completa Código de barras Visto por última vez Precio de reemplazo Tipo de ítem Koha
        Biblioteca del Ateneo de Madrid Biblioteca del Ateneo de Madrid Depósito 2 17/01/2008     C-39992 1020920 23/02/2023 23/02/2023 Libro impreso